| 000 | 00767 a2200193 4500 | ||
|---|---|---|---|
| 999 |
_c303 _d303 |
||
| 020 | _a9966214674 | ||
| 050 | 0 | 0 | _aBL624. WIJ 2000 |
| 100 | 1 |
_aWijsen, Frans Jozef Servaas, _d1956- |
|
| 245 | 1 | 0 |
_aSeeking a good life : _breligion and society in Usukuma, Tanzania, 1945-1995 / _cFrans Wijsen and Ralph Tanner. |
| 264 |
_aNairobi, Kenya : _bPaulines Publications Africa, _c 2000 |
||
| 300 | _a158 p. ; | ||
| 500 | _aDoes not have index | ||
| 504 | _aIncludes bibliographical references (p. [151]-158). | ||
| 650 | 0 |
_aSukuma (African people) _xReligion. |
|
| 650 | 0 |
_aSukuma (African people) _xSocial life and customs |
|
| 700 | 1 |
_aTanner, R. E. S., _d1921- |
|
| 942 |
_2lcc _cBK _h624 _iWIJ _kBL |
||